المهارات الأساسية في ممارسة خدمة الفرد / (رقم التسجيلة. 53939)

تفاصيل مارك
000 -LEADER
fixed length control field 00563nam a22001697a 4500
005 - DATE AND TIME OF LATEST TRANSACTION
control field 20251108171008.0
008 - FIXED-LENGTH DATA ELEMENTS--GENERAL INFORMATION
fixed length control field 250721s1996 xx 000 0 ara d
082 14 - DEWEY DECIMAL CLASSIFICATION NUMBER
Classification number ا351.1/علي
100 1# - MAIN ENTRY--PERSONAL NAME
Personal name علي، علي إسماعيل
245 10 - TITLE STATEMENT
Title المهارات الأساسية في ممارسة خدمة الفرد /
264 1# - PRODUCTION, PUBLICATION, DISTRIBUTION, MANUFACTURE, AND COPYRIGHT NOTICE
Place of production, publication, distribution, manufacture الأسكندرية :
Name of producer, publisher, distributor, manufacturer دار المعرفة الجامعية،
Date of production, publication, distribution, manufacture, or copyright notice 1996.
300 ## - PHYSICAL DESCRIPTION
Extent 284ص
650 17 - SUBJECT ADDED ENTRY--TOPICAL TERM
Topical term or geographic name as entry element الخدمة المدنية
650 17 - SUBJECT ADDED ENTRY--TOPICAL TERM
Topical term or geographic name as entry element الموظفون والمستخدمون
942 ## - ADDED ENTRY ELEMENTS (KOHA)
Source of classification or shelving scheme Dewey Decimal Classification
Koha item type كتب
المقتنيات
حالة السحب حالة الفقدان مصدر التصنيف حالة التلف غير قابل للإعارة المكتبة الرئيسية المكتبة الحالية موقع الرف تاريخ التزويد الرقم المتسلسل Total Checkouts رقم الإستدعاء الباركود تاريخ آخر ظهور تاريخ الفاتورة نوع المادة (كوها)
    Dewey Decimal Classification     مكتبة حمزة العامة مكتبة حمزة العامة الإعارة 21/10/2015 [5292].   ا351.1/علي PLD00358029 28/07/2025 21/10/2015 كتب
Implemented & Customized by: BBB with SCIT (Smart Chains for Information Technology)

Powered by Koha